000 00866na a2200277 4500
001 20044
003 MIRAKIL
005 20181213155018.0
008 170102b tu 000 0
020 _a9757152862
040 _aMilas
_btur
_cTR-AnCHP
041 _atur
082 _a650.1
_bH25d 2000
090 _a650.1 H25d 2000
100 _aHamel, Gary
245 _aDevrimin başına geçin!
_cGary Hamel ; çeviren Nurettin Elhüseyni ; yayıma hazırlayan Zülfü Dicleli
260 _aİstanbul
_bMESS (Türkiye Metal Sanayicileri Sendikası) Yayınları
_c2000
300 _a371 s.
_bres.
_c24 sm.
490 _aMESS Yayın
_v341
500 _aYapıtın özgün adı: Leading the revolution
650 _aYönetim
_xBaşarı
650 _aYönetim
_xİşletmeler
700 _aDicleli, Zülfü
700 _aElhüseyni, Nurettin
942 _2ddc
_cBKS
999 _c4784
_d4784